Predseparačné úpravy biologických vzoriek v HPLC analýze

Saved in:
Bibliographic Details
Main Author: Kubalec, Pavel (Author)
Format: Manuscript Book
Language:Slovak
Published: Bratislava : STU v Bratislave ChtF, 1999
Edition:Obháj.:10.11.1999
Tags: Add Tag
No Tags, Be the first to tag this record!

MARC

LEADER 00000ntm a22000003a 4500
001 stu53315
005 20150617225707.1
008 000427s1999----xo------------------slo-d
040 |a STU  |b slo 
041 0 |a slo 
044 |a xo 
080 |a 543.541(043.3)  |7 stu_us_auth*stu10420 
100 1 |a Kubalec, Pavel  |4 aut 
245 1 |a Predseparačné úpravy biologických vzoriek v HPLC analýze 
250 |a Obháj.:10.11.1999 
260 |a Bratislava :  |b STU v Bratislave ChtF,  |c 1999 
300 |a 99 s. Tab.,grafy,lit 
500 |a Katedra analytickej chémie 
996 |b 284C016443  |c C*KD417  |l CCI  |s A  |a 24  |w stu53315_0001